00380nam a2200145Ia 4500003000500000008004100005020001800046040001900064082000700083100001900090245006000109260004500169300000800214546001200222STCL181203s9999 xx 000 0 und d a9788185015361 aSTCLbENcSTCL 222 aChung, Kai Lai 0aElementary Probability Theory with Stochastic Processes bNarosa Publishing HouseaNew Delhic1998 a325 aEnglish